| 000 | 00500nam a22001577a 4500 | ||
|---|---|---|---|
| 003 | NUST | ||
| 005 | 20260512153946.0 | ||
| 008 | 260512b ||||| |||| 00| 0 eng d | ||
| 082 |
_a307.1409 _bKAT |
||
| 100 |
_aPakistan _944773 |
||
| 245 |
_aKatchi Abadis of Karachi Documentationof Sewerage Water Supply lines Clinics Schools and Thallas Volume One _cPakistan. |
||
| 260 |
_aPakistan: _bResearch Training Institute _c2002. |
||
| 300 |
_a507 p ; _c37.00 cm |
||
| 563 | _aHardcover | ||
| 942 |
_2ddc _cBK |
||
| 999 |
_c617419 _d617419 |
||